[Event "BCF-chT 0203 (4NCL)"]
[Site "West Bromwich"]
[Date "2003.05.05"]
[Round "11.8"]
[White "Cast, Abigail"]
[Black "Timms, Nicholas D"]
[Result "0-1"]
[WhiteElo "2114"]
[BlackElo "2102"]
[PlyCount "62"]
[EventDate "2002.11.??"]
[EventType "team-tourn"]
[EventRounds "11"]
[EventCountry "ENG"]
[SourceTitle "EXT 2004"]
[Source "ChessBase"]
[SourceDate "2003.11.25"]
[SourceVersion "1"]
[SourceVersionDate "2003.11.25"]
[SourceQuality "1"]
[WhiteTeam "SW Dragons"]
[BlackTeam "PYO"]
[WhiteTeamCountry "ENG"]
[BlackTeamCountry "ENG"]

1. d4 d5 2. c4 Nf6 3. Nc3 e6 4. Bg5 Be7 5. cxd5 Nxd5 6. Bxe7 Qxe7 7. e3 0-0 8. Nf3 b6 9. Bd3 Bb7 10. 0-0 Nd7 11. Re1 Nxc3 12. bxc3 Qa3 13. Ng5 h6 14. Nh3 Rac8 15. Qb3 Qd6 16. e4 c5 17. e5 Qe7 18. Bc4 Qh4 19. d5 exd5 20. Bxd5 c4 21. Qd1 Bxd5 22. Qxd5 Nc5 23. Rad1 Rfd8 24. Qf3 Rd3 25. Rxd3 cxd3 26. Nf4 Rd8 27. Rd1 d2 28. Nd5 Ne4 29. g3 Ng5 30. Ne7+ Kh8 31. Qe3 Qh5 0-1

[Event "Porto San Giorgio op 13th"]
[Site "Porto San Giorgio"]
[Date "2001.08.28"]
[Round "8"]
[White "Timms, Nicholas D"]
[Black "Faraoni, Enrico"]
[Result "1/2-1/2"]
[WhiteElo "2102"]
[BlackElo "2173"]
[PlyCount "58"]
[EventDate "2001.08.21"]
[EventType "swiss"]
[EventRounds "9"]
[EventCountry "ITA"]
[SourceTitle "EXT 2002"]
[Source "ChessBase"]
[SourceDate "2001.11.25"]
[SourceVersion "1"]
[SourceVersionDate "2001.11.25"]
[SourceQuality "1"]

1. d4 h6 2. e4 g5 3. Bc4 Bg7 4. h4 g4 5. Be3 d6 6. c3 Nc6 7. Nd2 Nf6 8. Ne2 d5 9. exd5 Nxd5 10. Nf4 Nxe3 11. fxe3 h5 12. 0-0 e6 13. Qc2 Qxh4 14. Nxe6 Bxe6 15. Bxe6 0-0 16. Bd5 Ne7 17. Bxb7 Rab8 18. Be4 Bh6 19. Rae1 Rb5 20. c4 Ra5 21. b4 Ra3 22. Bd3 f5 23. Re2 f4 24. c5 Rxd3 25. Qxd3 Nf5 26. Rxf4 Bxf4 27. exf4 g3 28. Nf3 Qxf4 29. Qe4 Nh4 1/2-1/2

[Event "Smith & Williamson YM-B 11th"]
[Site "Witley"]
[Date "2001.07.19"]
[Round "7"]
[White "Timms, Nicholas D"]
[Black "Purton, Benjamin"]
[Result "1/2-1/2"]
[WhiteElo "2102"]
[BlackElo "1632"]
[PlyCount "48"]
[EventDate "2001.07.13"]
[EventType "swiss"]
[EventRounds "11"]
[EventCountry "ENG"]
[SourceTitle "EXT 2005"]
[Source "ChessBase"]
[SourceDate "2004.11.15"]
[SourceVersion "1"]
[SourceVersionDate "2004.11.15"]
[SourceQuality "1"]

1. d4 f5 2. Nf3 Nf6 3. c4 g6 4. Nc3 Bg7 5. g3 0-0 6. Bg2 d6 7. h4 c6 8. e3 Qe8 9. Ne2 e5 10. b3 Nbd7 11. dxe5 dxe5 12. Ba3 c5 13. Ng5 h6 14. Bd5+ Nxd5 15. Qxd5+ Kh8 16. Ne6 Nf6 17. Nxg7 Kxg7 18. Qxc5 Rf7 19. Bb2 Re7 20. Rd1 b6 21. Qb4 Bb7 22. 0-0 Bf3 23. Rfe1 g5 24. Rd3 gxh4 1/2-1/2

[Event "Smith & Williamson YM-B 11th"]
[Site "Witley"]
[Date "2001.07.17"]
[Round "3"]
[White "Timms, Nicholas D"]
[Black "Farley, Andrew"]
[Result "0-1"]
[WhiteElo "2102"]
[BlackElo "1760"]
[PlyCount "48"]
[EventDate "2001.07.13"]
[EventType "swiss"]
[EventRounds "11"]
[EventCountry "ENG"]
[SourceTitle "EXT 2005"]
[Source "ChessBase"]
[SourceDate "2004.11.15"]
[SourceVersion "1"]
[SourceVersionDate "2004.11.15"]
[SourceQuality "1"]

1. e4 d5 2. exd5 Nf6 3. Nc3 Nxd5 4. Bc4 Nb6 5. Bb3 Nc6 6. Nge2 Bg4 7. d4 e6 8. Be3 Be7 9. Qd2 Na5 10. Bf4 Nac4 11. Bxc4 Nxc4 12. Qd3 Nd6 13. Ng3 Bf6 14. h3 Bf5 15. Nxf5 Nxf5 16. Nb5 0-0 17. Nxc7 Rc8 18. Nb5 Nxd4 19. Nxd4 Bxd4 20. Qb3 Qf6 21. g3 Bxb2 22. Rd1 Bc3+ 23. Kf1 e5 24. Be3 Qf3 0-1

[Event "Smith & Williamson YM-B 11th"]
[Site "Witley"]
[Date "2001.07.17"]
[Round "4"]
[White "Wilson, Alexandra"]
[Black "Timms, Nicholas D"]
[Result "0-1"]
[WhiteElo "1648"]
[BlackElo "2102"]
[PlyCount "64"]
[EventDate "2001.07.13"]
[EventType "swiss"]
[EventRounds "11"]
[EventCountry "ENG"]
[SourceTitle "EXT 2005"]
[Source "ChessBase"]
[SourceDate "2004.11.15"]
[SourceVersion "1"]
[SourceVersionDate "2004.11.15"]
[SourceQuality "1"]

1. e4 c5 2. Nf3 g6 3. c3 d5 4. exd5 Qxd5 5. d4 e6 6. Bb5+ Bd7 7. Bxd7+ Nxd7 8. 0-0 Bg7 9. Be3 Qc6 10. Nbd2 Ne7 11. dxc5 Nxc5 12. Bxc5 Qxc5 13. Ne4 Qc6 14. Qe2 0-0 15. Rfd1 Rad8 16. Rd2 Nd5 17. Nd4 Bxd4 18. Rxd4 e5 19. Rdd1 Nf4 20. Qf3 h6 21. g3 Rxd1+ 22. Rxd1 f5 23. Nd2 Nh3+ 24. Kg2 e4 25. Qe3 Ng5 26. h4 Nf7 27. Kg1 Rd8 28. Qe2 Qd5 29. Kh2 Ne5 30. Nxe4 Qxd1 31. Nf6+ Kf7 32. Qxe5 Qd6 0-1

[Event "Smith & Williamson YM-B 11th"]
[Site "Witley"]
[Date "2001.07.16"]
[Round "2"]
[White "Bennet, William"]
[Black "Timms, Nicholas D"]
[Result "1/2-1/2"]
[WhiteElo "1800"]
[BlackElo "2102"]
[PlyCount "58"]
[EventDate "2001.07.13"]
[EventType "swiss"]
[EventRounds "11"]
[EventCountry "ENG"]
[SourceTitle "EXT 2005"]
[Source "ChessBase"]
[SourceDate "2004.11.15"]
[SourceVersion "1"]
[SourceVersionDate "2004.11.15"]
[SourceQuality "1"]

1. d4 Nf6 2. Nf3 d5 3. Bg5 e6 4. e3 Be7 5. Bd3 Nbd7 6. Nbd2 0-0 7. c3 h6 8. Bh4 c5 9. 0-0 cxd4 10. exd4 Nh7 11. Bxe7 Qxe7 12. Bxh7+ Kxh7 13. Re1 b6 14. Ne5 Nxe5 15. Rxe5 f6 16. Re3 Qd6 17. Nf3 Bb7 18. Qd3+ Kg8 19. Rae1 Rad8 20. Qg6 Qd7 21. Nh4 Qf7 22. f4 Bc8 23. f5 Rfe8 24. fxe6 Rxe6 25. Rxe6 Bxe6 26. Qxf7+ Bxf7 27. Re7 Re8 28. Rxe8+ Bxe8 29. Nf5 Bd7 1/2-1/2

[Event "Smith & Williamson YM-B 8th"]
[Site "Witley"]
[Date "1998.07.24"]
[Round "9"]
[White "Timms, Nicholas D"]
[Black "Rattray, Ross"]
[Result "1/2-1/2"]
[WhiteElo "2020"]
[BlackElo "1896"]
[PlyCount "64"]
[EventDate "1998.07.20"]
[EventType "swiss"]
[EventRounds "11"]
[EventCountry "ENG"]
[SourceTitle "EXT 1999"]
[Source "ChessBase"]
[SourceDate "1998.11.16"]
[SourceVersion "1"]
[SourceVersionDate "1998.11.16"]
[SourceQuality "1"]

1. d4 g6 2. h4 h5 3. e4 d6 4. Nc3 Bg7 5. Be3 e6 6. Qd2 b6 7. f3 Nd7 8. Bc4 Ne7 9. Nge2 Bb7 10. Bb3 d5 11. exd5 exd5 12. 0-0-0 Nf6 13. Rdg1 Qd7 14. Nf4 0-0-0 15. Nd3 Ne8 16. g4 c5 17. Ba4 Bc6 18. Bxc6 Nxc6 19. Bf2 Nxd4 20. Bg3 Kb7 21. Qf2 hxg4 22. fxg4 f6 23. Nf4 Qf7 24. Ncxd5 Rxd5 25. Qg2 Bh6 26. g5 fxg5 27. hxg5 Bxg5 28. Rxh8 Bxf4+ 29. Bxf4 Qxf4+ 30. Kb1 Nf6 31. Rf8 Nf3 32. Qh3 Rf5 1/2-1/2

[Event "Smith & Williamson YM-B 8th"]
[Site "Witley"]
[Date "1998.07.23"]
[Round "8"]
[White "Jones, Stephen"]
[Black "Timms, Nicholas D"]
[Result "1-0"]
[WhiteElo "2040"]
[BlackElo "2020"]
[PlyCount "41"]
[EventDate "1998.07.20"]
[EventType "swiss"]
[EventRounds "11"]
[EventCountry "ENG"]
[SourceTitle "EXT 1999"]
[Source "ChessBase"]
[SourceDate "1998.11.16"]
[SourceVersion "1"]
[SourceVersionDate "1998.11.16"]
[SourceQuality "1"]

1. e4 c6 2. d4 d5 3. f3 dxe4 4. fxe4 g6 5. Nf3 Bg7 6. Bc4 Bg4 7. Bxf7+ Kf8 8. Bb3 Qb6 9. c3 e5 10. 0-0 Nf6 11. Kh1 Nbd7 12. Qe1 Bxf3 13. Rxf3 Re8 14. Be3 Qc7 15. Nd2 c5 16. Qf2 Ke7 17. dxc5 Rhf8 18. h3 h6 19. Ba4 g5 20. c6 Nb6 21. Bc5+ 1-0

[Event "Smith & Williamson YM-B 8th"]
[Site "Witley"]
[Date "1998.07.21"]
[Round "4"]
[White "Duboc, Antoine"]
[Black "Timms, Nicholas D"]
[Result "1-0"]
[WhiteElo "2059"]
[BlackElo "2020"]
[PlyCount "67"]
[EventDate "1998.07.20"]
[EventType "swiss"]
[EventRounds "11"]
[EventCountry "ENG"]
[SourceTitle "EXT 1999"]
[Source "ChessBase"]
[SourceDate "1998.11.16"]
[SourceVersion "1"]
[SourceVersionDate "1998.11.16"]
[SourceQuality "1"]

1. d4 Nf6 2. c4 c5 3. d5 b5 4. a4 b4 5. Nf3 g6 6. Nbd2 Bg7 7. e4 d6 8. Qc2 Qa5 9. Bd3 Bg4 10. 0-0 Na6 11. Rb1 Bxf3 12. Nxf3 b3 13. Qxb3 Rb8 14. Qd1 Nd7 15. Bd2 Nb4 16. b3 Qb6 17. Bc2 0-0 18. Ne1 Bd4 19. Nd3 Nxd3 20. Bxd3 Ne5 21. Bc2 h5 22. h3 Kg7 23. Qe2 Rh8 24. Be3 a5 25. Rbd1 Rh7 26. Bxd4 cxd4 27. Bd3 Qxb3 28. Rb1 Nxd3 29. Rxb3 Rxb3 30. Rd1 Nf4 31. Qd2 Rd3 32. Qe1 Rxd1 33. Qxd1 h4 34. Qxd4+ 1-0